Estatísticas para Países com maior taxa de suicídio do mundo

Clique aqui para jogar o quiz

Estatísticas Gerais

  • Esse quiz foi jogado 35 vezes
  • A pontuação média é 7 de 25

Estatísticas das Respostas

#PAÍSESTAXA DE SUICÍDIO CADA 100 MIL HAB.% Correto
11Rússia21,6
82%
12Coréia do Sul21,2
75%
19Ucrânia17,7
54%
8África do Sul23,5
50%
22Bielorrússia16,5
43%
25Camarões15,9
32%
17Cazaquistão18,1
32%
9Moçambique23,2
32%
16Uruguai18,8
32%
24Letônia16,1
29%
15Lituânia20,2
29%
18Mongólia18,0
29%
1Lesoto87,5
25%
3Suazilândia40,5
25%
14Botswana20,2
21%
2Guiana40,9
21%
23Montenegro16,2
21%
6Suriname25,9
21%
10República Centro Africana23,0
18%
13Vanuatu21,0
18%
21Eritréia17,3
14%
20Ilhas Salomão17,4
11%
4Kiribati30,6
11%
5Micronésia29,0
11%
7Zimbabwe23,6
7%

Distribuição das Pontuações

Percentil de Números Respondidos

Porcentagem de Pessoas com Cada Pontuação

Sua Pontuação Histórica

Você não jogou esse quiz